National Assembly Library of Thailand

ในกระจก : วรรณกรรมและการเมืองสยามยุคอเมริกัน (ระเบียนเลขที่ 61119)

รายละเอียดในรูปแบบ MARC
000 -LEADER
fixed length control field 01213nam a22002537a 4500
005 - DATE AND TIME OF LATEST TRANSACTION
control field 20210325204533.0
008 - FIXED-LENGTH DATA ELEMENTS--GENERAL INFORMATION
fixed length control field s2553 th tha d
020 ## - INTERNATIONAL STANDARD BOOK NUMBER
International Standard Book Number 9786167158044
041 ## - LANGUAGE CODE
Language code of text/sound track or separate title tha
050 ## - LIBRARY OF CONGRESS CALL NUMBER
Classification number PN 86 อ945น 2553
100 0# - MAIN ENTRY--PERSONAL NAME
Personal name แอนเดอร์สัน, เบเนดิกท์
245 10 - TITLE STATEMENT
Title ในกระจก : วรรณกรรมและการเมืองสยามยุคอเมริกัน
260 3# - PUBLICATION, DISTRIBUTION, ETC.
Place of publication, distribution, etc. กรุงเทพฯ :
Name of publisher, distributor, etc. อ่าน,
Date of publication, distribution, etc. 2553
300 ## - PHYSICAL DESCRIPTION
Extent 373 หน้า :
Other physical details ภาพประกอบ ;
Dimensions 21 ซม.
650 04 - SUBJECT ADDED ENTRY--TOPICAL TERM
Topical term or geographic name entry element นักประพันธ์ -- ไทย -- ชีวประวัติ
650 04 - SUBJECT ADDED ENTRY--TOPICAL TERM
Topical term or geographic name entry element เรื่องสั้น
650 04 - SUBJECT ADDED ENTRY--TOPICAL TERM
Topical term or geographic name entry element เรื่องสั้นไทย -- ประวัติและวิจารณ์
650 04 - SUBJECT ADDED ENTRY--TOPICAL TERM
Topical term or geographic name entry element วรรณกรรมไทย -- ประวัติและวิจารณ์
850 ## - HOLDING INSTITUTION
Holding institution NALT
942 ## - ADDED ENTRY ELEMENTS (KOHA)
Koha item type General Book
Koha issues (borrowed), all copies 1
997 ## -
-- 37102 ฉ.1 /37103 ฉ.2
997 ## -
-- 000000000061119
998 ## - LOCAL CONTROL INFORMATION (RLIN)
-- นางสาวชัชฎา จูฑะรักษ์
รายการที่มีในห้องสมุด
Withdrawn status Lost status Damaged status Not for loan Collection code Home library Current library Source of acquisition Cost, normal purchase price Total Checkouts Full call number Barcode Date last seen Cost, replacement price Price effective from Koha item type Date last checked out
        General Book collection National Assembly Library of Thailand National Assembly Library of Thailand จัดซื้อทรัพยากร 350.00   PN 86 อ945น 2553 3961181715 09/06/2017 400.00 09/06/2017 General Book  
        General Book collection National Assembly Library of Thailand National Assembly Library of Thailand จัดซื้อทรัพยากร 350.00 1 PN 86 อ945น 2553 3961181716 16/08/2018 400.00 09/06/2017 General Book 07/08/2018
หอสมุดรัฐสภา
สำนักงานเลขาธิการสภาผู้แทนราษฎร เลขที่ 1111 ถนนสามเสน แขวงถนนนครไชยศรี เขตดุสิต กรุงเทพฯ 10300
The Secretariat of the House of Representatives 1111 Samsen Road, Thanon Nakhon Chai Si, Dusit, Bangkok 10300, THAILAND
โทรศัพท์: +66(0) 2242 5900 ต่อ 5714-5 โทรสาร: +66(0) 2242 5990 อีเมล: [email protected]